[Event "Sharjah Masters 4th"]
[Site "Sharjah"]
[Date "2021.09.22"]
[Round "6"]
[White "Iordachescu, Viorel"]
[Black "Saeed, Ishaq"]
[Result "1-0"]
[WhiteElo "2587"]
[BlackElo "2411"]
[PlyCount "85"]
[EventDate "2021.09.17"]
[EventType "swiss"]
[EventRounds "9"]
[EventCountry "UAE"]
[SourceTitle "CBM 204 Extra"]
[Source "ChessBase"]
[SourceDate "2021.11.30"]
[SourceVersion "1"]
[SourceVersionDate "2021.11.30"]
[SourceQuality "1"]

1. e4 e5 2. Nf3 Nc6 3. Bb5 a6 4. Ba4 Nf6 5. d3 d6 6. c3 g6 7. 0-0 Bg7 8. Re1 0-0 9. Nbd2 b5 10. Bc2 Bb7 11. a4 Re8 12. b4 Rb8 13. Nb3 h6 14. h3 Qd7 15. Be3 Nd8 16. Qd2 Kh7 17. Na5 Ba8 18. axb5 axb5 19. c4 Ne6 20. cxb5 Nh5 21. b6 cxb6 22. Nc4 Bc6 23. Nxb6 Qd8 24. Nc4 f5 25. Ra6 Qc8 26. Rea1 Rd8 27. Nb6 Rxb6 28. Rxb6 f4 29. Qc3 fxe3 30. Qxc6 exf2+ 31. Kxf2 Nc7 32. Rb7 Rf8 33. Qxc7 Qe6 34. Qe7 Qc8 35. Rc7 Qb8 36. Rb7 Qc8 37. Qc7 Qe6 38. Raa7 Rc8 39. Bb3 Qxb3 40. Qxc8 Qb2+ 41. Ke1 Qxg2 42. Qf8 Qh1+ 43. Kf2 1-0

[Event "Sharjah Masters 4th"]
[Site "Sharjah"]
[Date "2021.09.20"]
[Round "4"]
[White "Nisipeanu, Liviu Dieter"]
[Black "Saeed, Ishaq"]
[Result "1-0"]
[WhiteElo "2657"]
[BlackElo "2411"]
[PlyCount "71"]
[EventDate "2021.09.17"]
[EventType "swiss"]
[EventRounds "9"]
[EventCountry "UAE"]
[SourceTitle "CBM 204 Extra"]
[Source "ChessBase"]
[SourceDate "2021.11.30"]
[SourceVersion "1"]
[SourceVersionDate "2021.11.30"]
[SourceQuality "1"]

1. e4 e5 2. Nf3 Nc6 3. Bb5 a6 4. Ba4 Nf6 5. d3 d6 6. c3 g6 7. 0-0 Bg7 8. Re1 0-0 9. Nbd2 b5 10. Bc2 Bb7 11. Nf1 d5 12. Bg5 Qd6 13. Ng3 d4 14. Qc1 Rfe8 15. Bh6 Qf8 16. Bxg7 Qxg7 17. Bb3 dxc3 18. bxc3 Rad8 19. d4 Nd7 20. Bd5 Nb6 21. Bxc6 Bxc6 22. Nxe5 Ba8 23. Qf4 Re7 24. Re3 c5 25. Nh5 gxh5 26. Rg3 Rd6 27. Rxg7+ Kxg7 28. dxc5 Rde6 29. Qg5+ Kf8 30. Rd1 Nd5 31. exd5 Rxe5 32. Qh6+ Kg8 33. f4 Rf5 34. c6 f6 35. d6 Re2 36. d7 1-0

[Event "Sharjah Masters 4th"]
[Site "Sharjah"]
[Date "2021.09.17"]
[Round "1"]
[White "Saeed, Ishaq"]
[Black "Ganguly, Surya Shekhar"]
[Result "0-1"]
[WhiteElo "2411"]
[BlackElo "2630"]
[PlyCount "94"]
[EventDate "2021.09.17"]
[EventType "swiss"]
[EventRounds "9"]
[EventCountry "UAE"]
[SourceTitle "CBM 204 Extra"]
[Source "ChessBase"]
[SourceDate "2021.11.30"]
[SourceVersion "1"]
[SourceVersionDate "2021.11.30"]
[SourceQuality "1"]

1. Nf3 g6 2. g3 Bg7 3. Bg2 e5 4. 0-0 d5 5. d3 Nc6 6. Nbd2 Nge7 7. c4 0-0 8. cxd5 Nxd5 9. Ne4 b6 10. Bd2 Bb7 11. Qb3 Qd7 12. Nc5 bxc5 13. Qxb7 Rab8 14. Qa6 Rxb2 15. Rab1 Ndb4 16. Qc4 Rc2 17. Qh4 Rxa2 18. Ng5 h6 19. Ne4 Qd8 20. Be3 Qxh4 21. gxh4 Rxe2 22. Bxc5 Rb8 23. h5 Nxd3 24. Rxb8+ Nxb8 25. Bxa7 Nc6 26. Be3 Nd4 27. hxg6 fxg6 28. Rd1 Re1+ 29. Rxe1 Nxe1 30. Bf1 Nef3+ 31. Kh1 Bf8 32. Nf6+ Kf7 33. Ng4 Ke6 34. Bc4+ Kf5 35. Nxh6+ Bxh6 36. Bxh6 g5 37. Bf8 Ne6 38. Be7 Nf4 39. Ba6 e4 40. Bd8 c5 41. Be7 Nd3 42. Kg2 Nfe5 43. Kg3 Nc6 44. Bd6 Ke6 45. Bf8 Nd4 46. Bc4+ Kf6 47. Bd6 Nf5+ 0-1

[Event "UAE President Cup"]
[Site "Ajman"]
[Date "2019.01.04"]
[Round "3"]
[White "Saeed, Ishaq"]
[Black "Sultan, Ibrahim"]
[Result "1-0"]
[WhiteElo "2422"]
[BlackElo "2129"]
[PlyCount "71"]
[EventDate "2019.01.02"]
[EventType "swiss"]
[EventRounds "9"]
[EventCountry "UAE"]
[SourceTitle "CBM 188 Extra"]
[Source "ChessBase"]
[SourceDate "2019.02.28"]
[SourceVersion "1"]
[SourceVersionDate "2019.02.28"]
[SourceQuality "1"]

1. Nf3 d5 2. g3 c6 3. Bg2 Nf6 4. 0-0 Bg4 5. h3 Bf5 6. d3 h6 7. c4 dxc4 8. e4 Be6 9. e5 Nh7 10. d4 Bd5 11. Nc3 e6 12. Nh4 Nd7 13. Qh5 g6 14. Nxg6 fxg6 15. Qxg6+ Ke7 16. Nxd5+ cxd5 17. f4 Qe8 18. Qg4 Nb6 19. f5 Kd7 20. h4 exf5 21. Rxf5 Kc7 22. Bf4 Rd8 23. e6+ Bd6 24. Qg7+ Kc6 25. Re1 Bxf4 26. e7 Rd6 27. Rxf4 Rg6 28. Qxh8 Qxh8 29. e8Q+ Qxe8 30. Rxe8 Rd6 31. Rh8 Rd7 32. Rg4 Na4 33. b3 c3 34. Rc8+ Rc7 35. Rg6+ Kd7 36. Bh3+ 1-0

[Event "Arab-ch"]
[Site "Dubai"]
[Date "2018.12.03"]
[Round "7"]
[White "Saeed, Ishaq"]
[Black "Adly, Ahmed"]
[Result "0-1"]
[WhiteElo "2437"]
[BlackElo "2626"]
[PlyCount "86"]
[EventDate "2018.11.28"]
[EventType "swiss"]
[EventRounds "9"]
[EventCountry "UAE"]
[SourceTitle "CBM 187 Extra"]
[Source "ChessBase"]
[SourceDate "2018.11.04"]
[SourceVersion "1"]
[SourceVersionDate "2018.11.04"]
[SourceQuality "1"]

1. Nf3 d5 2. g3 Nf6 3. Bg2 Nc6 4. c4 d4 5. d3 e5 6. 0-0 h6 7. e3 Be7 8. exd4 exd4 9. Na3 0-0 10. Nc2 a5 11. b3 Bf5 12. Bb2 Bc5 13. a3 Bh7 14. Qd2 Qd6 15. Rfe1 Rab8 16. Nh4 g5 17. Nf3 b5 18. cxb5 Rxb5 19. b4 axb4 20. axb4 Rxb4 21. Nxb4 Bxb4 22. Qc1 Bxe1 23. Ra6 Bc3 24. Ba3 Qd7 25. Nxg5 hxg5 26. Qxg5+ Bg6 27. Bxf8 Nh7 28. Qh6 Nxf8 29. Bxc6 Qg4 30. Kg2 Bxd3 31. h3 Qg7 32. Qxg7+ Kxg7 33. Ra7 Ne6 34. Bd5 Be2 35. f3 d3 36. Bxe6 fxe6 37. Rxc7+ Kf6 38. Kf2 Bd4+ 39. Ke1 Be5 40. Rc8 Bxg3+ 41. Kd2 Bf4+ 42. Ke1 Bxf3 43. Rf8+ Ke5 0-1

[Event "Arab-ch"]
[Site "Dubai"]
[Date "2018.11.30"]
[Round "4"]
[White "Saeed, Ishaq"]
[Black "Ahmad, Al Khatib"]
[Result "1-0"]
[WhiteElo "2437"]
[BlackElo "2297"]
[PlyCount "119"]
[EventDate "2018.11.28"]
[EventType "swiss"]
[EventRounds "9"]
[EventCountry "UAE"]
[SourceTitle "CBM 187 Extra"]
[Source "ChessBase"]
[SourceDate "2018.11.04"]
[SourceVersion "1"]
[SourceVersionDate "2018.11.04"]
[SourceQuality "1"]

1. d4 g6 2. c4 Bg7 3. Nf3 Nf6 4. g3 0-0 5. Bg2 d6 6. Nc3 Nc6 7. 0-0 a6 8. d5 Na5 9. Nd2 c5 10. Rb1 Rb8 11. Qc2 b5 12. b3 e6 13. h3 Re8 14. e3 Bd7 15. Rd1 exd5 16. cxd5 b4 17. Ne2 Qc8 18. Kh2 Bb5 19. Re1 Qf5 20. Qxf5 gxf5 21. Nf4 Ne4 22. Nxe4 fxe4 23. Bb2 Bxb2 24. Rxb2 Re5 25. g4 c4 26. bxc4 Bxc4 27. Rd1 b3 28. Rd4 Rb5 29. axb3 Bxb3 30. Bxe4 Re8 31. Nh5 Rc8 32. Bf5 Rc4 33. Rbd2 Rbc5 34. Nf6+ Kg7 35. g5 Nb7 36. Bd3 Rxd4 37. exd4 Ra5 38. Re2 Ra2 39. Re8 Rxf2+ 40. Kg3 Rxf6 41. gxf6+ Kxf6 42. Bxh7 Bxd5 43. Be4 Bxe4 44. Rxe4 Na5 45. Rg4 Nc4 46. h4 Ne3 47. Rf4+ Kg6 48. Kf3 Nd5 49. h5+ Kg5 50. Rxf7 a5 51. Ra7 Nf6 52. Rxa5+ d5 53. h6 Kxh6 54. Kf4 Kg6 55. Ke5 Ng4+ 56. Kxd5 Ne3+ 57. Ke6 Nc2 58. Ra4 Ne1 59. d5 Nd3 60. Rc4 1-0

[Event "Arab-ch"]
[Site "Dubai"]
[Date "2018.11.29"]
[Round "3"]
[White "Salem, AR Saleh"]
[Black "Saeed, Ishaq"]
[Result "1-0"]
[WhiteElo "2660"]
[BlackElo "2437"]
[PlyCount "105"]
[EventDate "2018.11.28"]
[EventType "swiss"]
[EventRounds "9"]
[EventCountry "UAE"]
[SourceTitle "CBM 187 Extra"]
[Source "ChessBase"]
[SourceDate "2018.11.04"]
[SourceVersion "1"]
[SourceVersionDate "2018.11.04"]
[SourceQuality "1"]

1. d4 Nf6 2. c4 e6 3. Nf3 b6 4. Nc3 Bb4 5. e3 Ne4 6. Qc2 Bb7 7. Be2 f5 8. 0-0 Nxc3 9. bxc3 Bd6 10. a4 Be4 11. Qd1 a5 12. Nd2 Bb7 13. Bh5+ g6 14. Bf3 Bxf3 15. Qxf3 Nc6 16. e4 0-0 17. e5 Be7 18. Re1 Qc8 19. d5 Nd8 20. Nb3 Qa6 21. Nd4 Rc8 22. Nb5 Re8 23. d6 cxd6 24. exd6 Bf6 25. Nc7 Rxc7 26. dxc7 Nc6 27. c5 bxc5 28. Rb1 Qc8 29. Bf4 e5 30. Bh6 e4 31. Qd1 Qxc7 32. Qd5+ Re6 33. Qxc5 Qd6 34. Qxd6 Rxd6 35. Red1 Rd3 36. Rxd3 exd3 37. Rd1 Kf7 38. Rxd3 Ke6 39. Bf4 g5 40. Bc7 h5 41. c4 Be7 42. Kf1 Bc5 43. Rh3 h4 44. Rb3 d6 45. Rb5 Nd4 46. Rb7 Nc6 47. h3 Bb4 48. Rb5 Nd4 49. Rb8 Nb3 50. Bd8 Nd2+ 51. Ke2 Nxc4 52. Bxg5 Nb2 53. Bd2 1-0